000 01942nam0a2200397 4500
001 RU\NLR\BIBL_A\012719167
005 20220427184559.0
010 _a978-5-8156-1316-4
_9500
021 _aRU
_bКН-П-21-080357
_9КН-П-21-6390
035 _a(NLR Aleph) 012719167
035 _a(RuMoRGB)010883768
090 _a12935235
_c12935235
100 _a20220301d2021 k y0rusy50 ca
101 0 _arus
102 _aRU
105 _ay|||z||||||z|
181 1 _ai
_b e
182 1 _an
200 1 _aСоциальная рефлексия как механизм общения, диалога, идентичности
_eмонография
_fЕ. Н. Чекушкина
_gМинистерство просвещения Российской Федерации, Федеральное государственное бюджетное образовательное учреждение высшего образования "Мордовский государственный педагогический университет имени М. Е. Евсевьева"
203 _aТекст
_bвизуальный
_cнепосредственный
205 _a2-е изд., перераб. и доп.
210 _aСаранск
_cРИЦ МГПУ
_d2021
215 _a157 с.
_d20
300 _aНа обл. авт. не указан
320 _aБиблиогр.: с. 146-157 (231 назв.) и в подстроч. примеч.
606 1 _aРефлексия социальная
_92204432
_3RU\NLR\AUTH\661324513
606 1 _aМежличностное восприятие
_91341815
_3RU\NLR\AUTH\66244475
610 0 _aсоциальная рефлексия
686 1 _aЮ251.402
686 1 _aЮ6
686 1 _aС550.353
700 1 _aЧекушкина
_bЕ. Н.
_gЕлена Николаевна
942 _cBOOK
980 _aNB